[Event "43rd World U20 ch"]
[Site "Kochi IND"]
[Date "2004.11.21"]
[Round "3.8"]
[White "Paragua, Mark"]
[Black "Arghyadip Das"]
[Result "1-0"]
[WhiteElo "2534"]
[BlackElo "2353"]
[EventDate "2004.11.19"]
[PlyCount "105"]

1.e4 c5 2.Nf3 d6 3.d4 cxd4 4.Nxd4 Nf6 5.Nc3 a6 6.Be2 e6 7.O-O Be7 8.a4 Nc6
9.Be3 O-O 10.Kh1 Qc7 11.f4 Re8 12.a5 Nxa5 13.e5 dxe5 14.fxe5 Qxe5 15.Bf4 
Qc5 16.Na4 Qa7 17.Bc7 b5 18.Nb6 Rb8 19.Bxb8 Qxb6 20.Be5 Bb7 21.Qd2 Nc4 22.
Bxc4 bxc4 23.Qf4 Bd5 24.Rae1 Kh8 25.Nf3 Qb7 26.Re2 Bd8 27.Nd2 Qc6 28.b3 c3
29.Nb1 Qb7 30.Nxc3 Bc6 31.Rd1 Be7 32.h3 Rc8 33.Rdd2 Nd7 34.Bd6 Nf6 35.Bxe7
Qxe7 36.Re3 h6 37.Qd4 Qb7 38.Rf2 Qe7 39.Rd2 Qb7 40.Na4 Nd5 41.Rg3 f6 42.
Nc5 Qe7 43.c4 e5 44.Qg4 Nb6 45.b4 Ra8 46.Rd6 f5 47.Rxh6+ gxh6 48.Qg6 Qf8 
49.Qxc6 Nxc4 50.Nd7 Rc8 51.Qg6 Nd2 52.Nxf8 Rc1+ 53.Kh2 1-0

[Event "43rd World U20 ch"]
[Site "Kochi IND"]
[Date "2004.11.21"]
[Round "3.9"]
[White "l`Ami, Erwin"]
[Black "Perdomo, Leandro"]
[Result "1/2-1/2"]
[WhiteElo "2516"]
[BlackElo "2312"]
[EventDate "2004.11.19"]
[PlyCount "61"]

1.e4 e5 2.Nf3 Nc6 3.Bb5 a6 4.Ba4 Nf6 5.O-O Be7 6.Re1 b5 7.Bb3 d6 8.c3 O-O 
9.h3 Na5 10.Bc2 c5 11.d4 cxd4 12.cxd4 Qc7 13.Nbd2 Bb7 14.d5 Rac8 15.Bd3 
Nd7 16.g4 Nc5 17.Bc2 Ne6 18.Nb3 Nf4 19.Nxa5 Qxa5 20.Kh2 Qc7 21.Bb1 Qd7 22.
Bxf4 exf4 23.Qd2 Bf6 24.e5 dxe5 25.Bf5 Qxd5 26.Qxd5 Bxd5 27.Bxc8 Rxc8 28.
Nxe5 g6 29.Kg1 Rc2 30.f3 Bb7 31.Rad1 1/2-1/2

[Event "43rd World U20 ch"]
[Site "Kochi IND"]
[Date "2004.11.21"]
[Round "3.10"]
[White "Drozdovskyi, Yury"]
[Black "Tallaksen, Geir Sune"]
[Result "1/2-1/2"]
[WhiteElo "2510"]
[BlackElo "2343"]
[EventDate "2004.11.19"]
[PlyCount "35"]

1.d4 Nf6 2.c4 e6 3.Nf3 b6 4.a3 Bb7 5.Nc3 d5 6.Bg5 Be7 7.Bxf6 Bxf6 8.cxd5 
exd5 9.e3 O-O 10.Be2 Nd7 11.b4 c5 12.bxc5 bxc5 13.O-O cxd4 14.Nxd4 Nc5 15.
Bf3 Ne4 16.Qd3 Re8 17.Rab1 Rb8 18.Rfc1 1/2-1/2

[Event "43rd World U20 ch"]
[Site "Kochi IND"]
[Date "2004.11.21"]
[Round "3.11"]
[White "Venkatesh, Marani Rajendran"]
[Black "Barbosa, Oliver"]
[Result "1/2-1/2"]
[WhiteElo "2450"]
[BlackElo "2311"]
[EventDate "2004.11.19"]
[PlyCount "129"]

1.e4 d5 2.exd5 Qxd5 3.Nc3 Qa5 4.d4 Nf6 5.Nf3 Nc6 6.h3 Ne4 7.Bd2 Nxd2 8.
Qxd2 e6 9.Bb5 Bb4 10.Bxc6+ bxc6 11.O-O Bb7 12.Ne5 Rd8 13.a3 Bxc3 14.Qxc3 
Qd5 15.Nf3 O-O 16.b4 Rfe8 17.Rfe1 f6 18.Re2 a5 19.Rae1 axb4 20.Qxb4 Ba6 
21.Re3 c5 22.dxc5 e5 23.Nh4 Rb8 24.Qa5 Qc6 25.Nf5 Rb5 26.Qd2 Qe6 27.Nd4 
Qd7 28.Qc3 Rbb8 29.c6 Qf7 30.Nf5 Qe6 31.Rf3 Bb5 32.Qa5 Qc8 33.Qc3 Kh8 34.
Qc5 e4 35.Rf4 Re5 36.Qa7 Ra8 37.Qb7 g5 38.Nh6 gxf4 39.Nf7+ Kg7 40.Nxe5 Rb8
41.Qxc8 Rxc8 42.Rb1 Ba4 43.Rb4 Ra8 44.Nd7 Bxc6 45.Nc5 Re8 46.Kf1 Re5 47.
Nb3 Bd5 48.a4 Bf7 49.Ke1 Kg6 50.g3 f3 51.Kd2 c5 52.Rb6 e3+ 53.Ke1 Bd5 54.
Nc1 Re4 55.Nd3 exf2+ 56.Kxf2 Re2+ 57.Kf1 Kf5 58.Nf4 Rd2 59.Nxd5 Rxd5 60.
Kf2 Rd2+ 61.Kxf3 Rxc2 62.Rb3 Ra2 63.Rc3 Rxa4 64.Rxc5+ Kg6 65.Rc3 1/2-1/2

[Event "43rd World U20 ch"]
[Site "Kochi IND"]
[Date "2004.11.21"]
[Round "3.12"]
[White "Jianu, Vlad-Cristian"]
[Black "Louw, Daniel Johannes"]
[Result "1-0"]
[WhiteElo "2444"]
[BlackElo "2187"]
[EventDate "2004.11.19"]
[PlyCount "63"]

1.d4 f5 2.c4 Nf6 3.Nf3 e6 4.Nc3 d5 5.Bf4 c6 6.e3 Bd6 7.Bd3 O-O 8.O-O Ne4 
9.c5 Bc7 10.Qc2 Nd7 11.b4 g5 12.Bxc7 Qxc7 13.Bxe4 dxe4 14.Nxg5 Nf6 15.Nh3 
Kh8 16.Nf4 Nd5 17.Ncxd5 exd5 18.f3 Qe7 19.b5 Bd7 20.bxc6 Bxc6 21.Rf2 Rad8 
22.Kh1 Bb5 23.Rg1 Rg8 24.fxe4 fxe4 25.g4 Qh4 26.g5 Rdf8 27.g6 Rf6 28.Rfg2 
hxg6 29.Rg4 Rxf4 30.Rxf4 Qh3 31.Qf2 g5 32.Rxg5 1-0

[Event "43rd World U20 ch"]
[Site "Kochi IND"]
[Date "2004.11.21"]
[Round "3.13"]
[White "Gareev, Timur"]
[Black "Olsson, Linus"]
[Result "1-0"]
[WhiteElo "2525"]
[BlackElo "2289"]
[EventDate "2004.11.19"]
[PlyCount "47"]

1.d4 Nf6 2.c4 e5 3.dxe5 Ne4 4.Nf3 Bb4+ 5.Nbd2 d6 6.exd6 Qxd6 7.a3 Bxd2+ 8.
Nxd2 Nc5 9.e3 a5 10.Be2 Bf5 11.Nb3 Nd3+ 12.Bxd3 Bxd3 13.Nc5 Bxc4 14.Qg4 
Qxc5 15.Qc8+ Ke7 16.Qxh8 Qh5 17.f3 Qg6 18.Bd2 Qxg2 19.O-O-O Bb3 20.Rhg1 
Qxf3 21.Bb4+ axb4 22.Qd8+ Ke6 23.Qe8+ Kf6 24.Rdf1 1-0

[Event "43rd World U20 ch"]
[Site "Kochi IND"]
[Date "2004.11.21"]
[Round "3.14"]
[White "Mishra, Soumyaranjan"]
[Black "Ilyin, Artem"]
[Result "0-1"]
[WhiteElo "2299"]
[BlackElo "2522"]
[EventDate "2004.11.19"]
[PlyCount "72"]

1.e4 c6 2.Nc3 d5 3.Nf3 Bg4 4.h3 Bxf3 5.Qxf3 e6 6.d3 Nf6 7.Bd2 Bb4 8.O-O-O 
d4 9.Ne2 Bxd2+ 10.Rxd2 Qa5 11.a3 c5 12.e5 Nd5 13.Nf4 Nxf4 14.Qxf4 Nc6 15.
g4 Rc8 16.Qg5 O-O 17.h4 b5 18.Kb1 Nxe5 19.Re2 f6 20.Qf4 Ng6 21.Qd6 e5 22.
h5 Nf4 23.h6 Rfd8 24.Qe7 Qc7 25.Qxc7 Rxc7 26.Re1 g5 27.Be2 c4 28.Rh2 Rdc8 
29.f3 Kf7 30.Bf1 Kg6 31.Rd1 a5 32.Re1 a4 33.Rd1 c3 34.bxc3 Rxc3 35.Kb2 Nd5
36.Rb1 b4 0-1

[Event "43rd World U20 ch"]
[Site "Kochi IND"]
[Date "2004.11.21"]
[Round "3.15"]
[White "Gopal, Geetha Narayanan"]
[Black "Smeets, Jan"]
[Result "1/2-1/2"]
[WhiteElo "2278"]
[BlackElo "2515"]
[EventDate "2004.11.19"]
[PlyCount "53"]

1.e4 c5 2.Nf3 d6 3.d4 cxd4 4.Nxd4 Nf6 5.Nc3 a6 6.Be2 e6 7.O-O Be7 8.Kh1 b5
9.Bf3 Ra7 10.a4 bxa4 11.Be3 Rc7 12.Rxa4 Nbd7 13.Nb3 Bb7 14.Na5 Ba8 15.Nc4 
Nc5 16.Bxc5 Rxc5 17.Qd3 O-O 18.Rxa6 Bb7 19.Raa1 Qc7 20.Nd2 Nd7 21.Nb3 Ne5 
22.Qd1 Rc4 23.Be2 Rxc3 24.bxc3 Bxe4 25.Nd2 Bg6 26.c4 Qc5 27.f4 1/2-1/2

[Event "43rd World U20 ch"]
[Site "Kochi IND"]
[Date "2004.11.21"]
[Round "3.16"]
[White "Ruijgrok, Dennis"]
[Black "Smerdon, David"]
[Result "0-1"]
[WhiteElo "2255"]
[BlackElo "2425"]
[EventDate "2004.11.19"]
[PlyCount "86"]

1.e4 d5 2.exd5 Nf6 3.d4 Bg4 4.Ne2 Qxd5 5.Nbc3 Qd7 6.h3 Bf5 7.g4 Bg6 8.Bg2 
Nc6 9.Be3 O-O-O 10.g5 Nh5 11.d5 Nb4 12.O-O e6 13.Qd4 b6 14.Rfd1 exd5 15.
Nxd5 Nxd5 16.Bxd5 Qxh3 17.Bg2 Qxg2+ 18.Kxg2 Rxd4 19.Rxd4 Bxc2 20.Rc1 Bf5 
21.Rh4 g6 22.Bd4 Rg8 23.Be5 c5 24.Ng3 Be6 25.b3 Be7 26.f4 Rd8 27.Nxh5 Rd2+
28.Kg1 gxh5 29.Rh2 Rxh2 30.Kxh2 h4 31.Re1 Kd7 32.Bf6 Bd6 33.Be5 Be7 34.Bf6
Bd6 35.Be5 Bxe5 36.Rxe5 Kd6 37.Re1 b5 38.Rf1 c4 39.f5 Bd5 40.bxc4 bxc4 41.
Kh3 Be4 42.Kg4 Ke5 43.Rc1 Kd4 0-1

[Event "43rd World U20 ch"]
[Site "Kochi IND"]
[Date "2004.11.21"]
[Round "3.17"]
[White "Hasan Parag, Mehdi"]
[Black "Deepan Chakravarthy, Jeyakumar"]
[Result "0-1"]
[WhiteElo "2251"]
[BlackElo "2396"]
[EventDate "2004.11.19"]
[PlyCount "96"]

1.e4 g6 2.d4 Bg7 3.Nc3 d6 4.Be3 Nf6 5.Qd2 O-O 6.f3 c6 7.Nge2 b5 8.g4 Nbd7 
9.Bh6 Nb6 10.Ng3 b4 11.Nd1 c5 12.Bxg7 Kxg7 13.h4 e5 14.d5 Ng8 15.a3 a5 16.
axb4 cxb4 17.Ne3 Nd7 18.g5 Kh8 19.Bb5 Nc5 20.Bc6 Ra7 21.Nc4 Ne7 22.h5 Nxc6
23.dxc6 Ne6 24.Qxd6 Qxd6 25.Nxd6 Nxg5 26.Kf2 Be6 27.Rhd1 a4 28.Nb5 Ra5 29.
c7 Rxb5 30.Rd8 Kg8 31.Rxa4 Rc5 32.Raa8 Rxc7 33.Rxf8+ Kg7 34.hxg6 hxg6 35.
Rg8+ Kf6 36.Ke3 Rxc2 37.Rgd8 Rxb2 38.Rd2 Rxd2 39.Kxd2 Nxf3+ 40.Ke3 Nd4 41.
Rb8 b3 42.Nh1 Kg5 43.Nf2 Nc2+ 44.Kf3 f5 45.exf5 gxf5 46.Nd1 e4+ 47.Kf2 f4 
48.Re8 e3+ 0-1

[Event "43rd World U20 ch"]
[Site "Kochi IND"]
[Date "2004.11.21"]
[Round "3.18"]
[White "Poobesh Anand, Selvaraj"]
[Black "Sai Srinivas, Dasari"]
[Result "1-0"]
[WhiteElo "2367"]
[BlackElo "2237"]
[EventDate "2004.11.19"]
[PlyCount "139"]

1.b3 Nf6 2.Bb2 c5 3.Nf3 Nc6 4.e3 e6 5.Be2 Be7 6.O-O O-O 7.c4 b6 8.d4 cxd4 
9.exd4 d5 10.Nc3 Bb7 11.Rc1 Rc8 12.Qd3 Qd6 13.Rfd1 Rfd8 14.h3 h6 15.Qe3 
Bf8 16.Bd3 Nb4 17.Bf1 Nc6 18.Ne2 Qb8 19.Nf4 Bd6 20.Nd3 Ne7 21.c5 Nf5 22.
Qe1 Bf8 23.b4 Bc6 24.Rb1 Bb5 25.Nde5 Bxf1 26.Qxf1 Nd7 27.a4 Nxe5 28.Nxe5 
f6 29.Nd3 Re8 30.Qe2 bxc5 31.bxc5 Qb3 32.a5 Qb5 33.Qf3 Qxa5 34.Nf4 Qa6 35.
Nxd5 Qc6 36.Nc3 Qxf3 37.gxf3 e5 38.dxe5 fxe5 39.Ne4 Bxc5 40.Rd5 Bb6 41.
Rxe5 Rxe5 42.Bxe5 Nh4 43.Rb3 Re8 44.f4 Ng6 45.Nd6 Rf8 46.Nc4 Nxe5 47.fxe5 
Bxf2+ 48.Kg2 Bc5 49.Rb5 Bd4 50.Rd5 Bc3 51.e6 Re8 52.Rd6 a5 53.Ra6 Kf8 54.
Kf3 Ke7 55.Ne3 Bb4 56.Nd5+ Kf8 57.Ke4 g5 58.Ke5 Rc8 59.Ra7 Rc1 60.Ra8+ Kg7
61.Nxb4 axb4 62.e7 Re1+ 63.Kd6 Rd1+ 64.Kc5 Re1 65.e8=Q Rxe8 66.Rxe8 b3 67.
Rb8 Kg6 68.Rxb3 Kf5 69.Kd4 Kf4 70.Kd3 1-0

[Event "43rd World U20 ch"]
[Site "Kochi IND"]
[Date "2004.11.21"]
[Round "3.19"]
[White "Patwardhan, Omkar"]
[Black "Sengupta, Deep"]
[Result "1/2-1/2"]
[WhiteElo "2212"]
[BlackElo "2359"]
[EventDate "2004.11.19"]
[PlyCount "47"]

1.d4 e6 2.Nf3 b6 3.e4 Bb7 4.Bd3 d6 5.O-O Nd7 6.c4 g6 7.Bg5 Ne7 8.Qd2 h6 9.
Be3 Bg7 10.Nc3 a6 11.Rfd1 g5 12.Rac1 O-O 13.h4 g4 14.Nh2 h5 15.Ne2 e5 16.
d5 Ng6 17.Ng3 Nf4 18.Nf5 Re8 19.Bb1 Bc8 20.Bxf4 exf4 21.Qxf4 Ne5 22.g3 Qf6
23.Nxg7 Qxg7 24.Rd2 1/2-1/2

[Event "43rd World U20 ch"]
[Site "Kochi IND"]
[Date "2004.11.21"]
[Round "3.20"]
[White "D`Costa, Lorin"]
[Black "Mandizha, Farai"]
[Result "1-0"]
[WhiteElo "2358"]
[BlackElo "2200"]
[EventDate "2004.11.19"]
[PlyCount "89"]

1.e4 Nf6 2.e5 Nd5 3.d4 d6 4.Bc4 Nb6 5.Bb3 dxe5 6.Qh5 e6 7.dxe5 c5 8.c3 Bd7
9.Bg5 Qc7 10.Nf3 c4 11.Bc2 Bc6 12.Nbd2 N8d7 13.Bf4 Nc5 14.O-O O-O-O 15.Nd4
g6 16.Qe2 g5 17.Nxc6 Qxc6 18.Bxg5 Rg8 19.f4 Rd7 20.Bxh7 Rh8 21.Be4 Nxe4 
22.Nxe4 Nd5 23.Rad1 Bc5+ 24.Nxc5 Qxc5+ 25.Qf2 Qa5 26.h3 b6 27.a3 Kb7 28.
Rd4 Qb5 29.Kh2 Rc7 30.g4 Rcc8 31.h4 Rcg8 32.Kg3 Qc6 33.Qf3 Qb5 34.Rf2 Rc8 
35.Rfd2 Rc7 36.Bf6 Rg8 37.Rxd5 exd5 38.Qxd5+ Qxd5 39.Rxd5 Kc6 40.Rd6+ Kb5 
41.h5 Ka4 42.h6 Kb3 43.h7 Re8 44.Rd2 Rcc8 45.g5 1-0

[Event "43rd World U20 ch"]
[Site "Kochi IND"]
[Date "2004.11.21"]
[Round "3.22"]
[White "Mabusela, Johannes"]
[Black "Cereijo, Nicolas"]
[Result "1-0"]
[WhiteElo "2316"]
[BlackElo "2120"]
[EventDate "2004.11.19"]
[PlyCount "27"]

1.e4 e6 2.d4 d5 3.Nc3 Nf6 4.e5 Nfd7 5.Nf3 c5 6.dxc5 Bxc5 7.Bd3 Nc6 8.Bf4 
Qb6 9.O-O Qxb2 10.Nb5 Rb8 11.Bd2 d4 12.Qe2 Nb4 13.Rfb1 Nxd3 14.Qxd3 1-0

[Event "43rd World U20 ch"]
[Site "Kochi IND"]
[Date "2004.11.21"]
[Round "3.24"]
[White "Soon Wai Cheong"]
[Black "Cifka, Stanislav"]
[Result "0-1"]
[WhiteElo "2048"]
[BlackElo "2310"]
[EventDate "2004.11.19"]
[PlyCount "137"]

1.e4 e6 2.d4 d5 3.Nd2 c5 4.exd5 Qxd5 5.Ngf3 cxd4 6.Bc4 Qd6 7.O-O Nf6 8.Nb3
Nc6 9.Nbxd4 Nxd4 10.Qxd4 Qxd4 11.Nxd4 Bd7 12.Bf4 Rc8 13.Bb3 Be7 14.Rfe1 
O-O 15.Nf5 Bb4 16.c3 exf5 17.cxb4 Rfe8 18.f3 Be6 19.Ba4 Red8 20.Bg5 Rd4 
21.Bxf6 gxf6 22.a3 Rd2 23.Rac1 Rxc1 24.Rxc1 Rxb2 25.Rc7 Bd5 26.Rd7 Bc4 27.
Rxb7 Rb1+ 28.Kf2 f4 29.g3 Rb2+ 30.Kg1 fxg3 31.hxg3 Bd5 32.Rxa7 Bxf3 33.Bd7
Be4 34.b5 f5 35.a4 Kg7 36.Be6 Kf6 37.Bxf7 Kg5 38.Be8 Kg4 39.Rg7+ Kf3 40.
Bc6 Rb1+ 41.Kh2 Kf2 42.Bxe4 fxe4 43.Rf7+ Ke2 44.Kg2 e3 45.Rxh7 Rb4 46.Rd7 
Ke1 47.a5 Rb2+ 48.Kg1 Rxb5 49.a6 Ra5 50.a7 Ra2 51.g4 e2 52.Kg2 Ra5 53.Rb7 
Kd2 54.Rd7+ Ke1 55.Rb7 Ra4 56.Kg3 Kf1 57.Rf7+ Kg1 58.Re7 Ra3+ 59.Kh4 Kf2 
60.Rf7+ Ke1 61.Kh5 Rh3+ 62.Kg6 Rh8 63.g5 Ra8 64.Kh7 Kd2 65.Rd7+ Kc3 66.Re7
Rxa7 67.Rxa7 e1=Q 68.Rf7 Qe5 69.Rg7 0-1

[Event "43rd World U20 ch"]
[Site "Kochi IND"]
[Date "2004.11.21"]
[Round "3.26"]
[White "Grigorov, Grigor"]
[Black "Swaraj, Palit"]
[Result "1-0"]
[WhiteElo "2321"]
[BlackElo "2172"]
[EventDate "2004.11.19"]
[PlyCount "60"]

1.d4 Nf6 2.c4 e6 3.Nc3 Bb4 4.Qc2 Nc6 5.Nf3 O-O 6.Bd2 d5 7.e3 Bxc3 8.bxc3 
Re8 9.Be2 e5 10.cxd5 Qxd5 11.c4 Qe4 12.Qxe4 Nxe4 13.d5 Nb8 14.Bd3 Nc5 15.
Bc2 Bg4 16.Bc3 Bxf3 17.gxf3 Nbd7 18.Bb4 a5 19.Ba3 Ra6 20.Rb1 f6 21.Ke2 e4 
22.fxe4 Nxe4 23.Bxe4 Rxe4 24.Rxb7 Rxc4 25.Rc1 Rxc1 26.Bxc1 Kf8 27.Rxc7 Ke7
28.Ba3+ Kd8 29.Rc4 h6 30.Ra4 Kc7 1-0

[Event "43rd World U20 ch"]
[Site "Kochi IND"]
[Date "2004.11.21"]
[Round "3.27"]
[White "Karthikeyan, Pandian"]
[Black "Tiwari, Arjun"]
[Result "1/2-1/2"]
[WhiteElo "2131"]
[BlackElo "2319"]
[EventDate "2004.11.19"]
[PlyCount "87"]

1.e4 c5 2.Nf3 Nc6 3.Bb5 g6 4.Bxc6 dxc6 5.d3 Bg7 6.Nc3 e5 7.Be3 Qe7 8.Qd2 
h6 9.h3 Bd7 10.a4 f5 11.Qe2 Nf6 12.a5 f4 13.Bc1 O-O 14.b3 b5 15.axb6 axb6 
16.Rxa8 Rxa8 17.Bb2 b5 18.g4 fxg3 19.fxg3 Nh5 20.Kf2 Be6 21.Nd1 c4 22.dxc4
bxc4 23.b4 Qxb4 24.Bc3 Qb1 25.Kg2 Ra2 26.Ne1 Ra3 27.Rf1 Qb7 28.Rf3 Ra8 29.
Nf2 Qe7 30.Kh2 Rd8 31.Qe3 Rb8 32.Ng2 Kh7 33.g4 Nf4 34.Nxf4 exf4 35.Qxf4 
Rf8 36.Qe3 Rxf3 37.Qxf3 Qa3 38.Nd1 Qc1 39.Qe2 Qf4+ 40.Kg2 Bf8 41.Qf3 Bd6 
42.Qxf4 Bxf4 43.Kf3 g5 44.Ne3 1/2-1/2

[Event "43rd World U20 ch"]
[Site "Kochi IND"]
[Date "2004.11.21"]
[Round "3.28"]
[White "Rohit, Gogineni"]
[Black "Prasanna, Kannappan"]
[Result "1-0"]
[WhiteElo "2281"]
[BlackElo "2096"]
[EventDate "2004.11.19"]
[PlyCount "65"]

1.e4 c5 2.Nf3 Nc6 3.Bb5 g6 4.Bxc6 bxc6 5.O-O Bg7 6.Re1 Nh6 7.c3 f6 8.d4 
cxd4 9.cxd4 Nf7 10.Nc3 O-O 11.b3 Qa5 12.Bb2 Qh5 13.Rc1 d6 14.h3 Bd7 15.Qd3
Kh8 16.Ne2 Rac8 17.Qa6 Rc7 18.Nf4 Bc8 19.Qa4 Qh6 20.Nd5 Rb7 21.Qxc6 e6 22.
Ne3 f5 23.exf5 gxf5 24.Nc4 Rd7 25.Ba3 Rfd8 26.Na5 Rg8 27.Bb2 Re7 28.Qxc8 
Rxc8 29.Rxc8+ Bf8 30.Nc6 Kg7 31.Nxe7 Bxe7 32.Rxe6 Bf6 33.d5 1-0

[Event "43rd World U20 ch"]
[Site "Kochi IND"]
[Date "2004.11.21"]
[Round "3.29"]
[White "Mihailidis, Anastasios"]
[Black "Sandeep, Yalamanchili"]
[Result "1-0"]
[WhiteElo "2278"]
[BlackElo "2138"]
[EventDate "2004.11.19"]
[PlyCount "61"]

1.e4 c5 2.c3 Nf6 3.e5 Nd5 4.d4 Nc6 5.Nf3 cxd4 6.cxd4 d6 7.Bc4 Nb6 8.Bb3 
dxe5 9.d5 Na5 10.Nc3 g6 11.Nxe5 Bg7 12.Bf4 O-O 13.O-O Bf5 14.Re1 Rc8 15.
Rc1 Nd7 16.Nxd7 Nxb3 17.Nxf8 Nxc1 18.Qxc1 Kxf8 19.Qe3 a6 20.h3 h5 21.Bg5 
Rc7 22.Qf4 Bxc3 23.bxc3 f6 24.Bh6+ Kf7 25.g4 hxg4 26.hxg4 Bd7 27.d6 exd6 
28.Qxd6 g5 29.Qd3 Qh8 30.Qd5+ Kg6 31.Re7 1-0

[Event "43rd World U20 ch"]
[Site "Kochi IND"]
[Date "2004.11.21"]
[Round "3.31"]
[White "Vaidya Chaitanya, N."]
[Black "Ashwath, Raja"]
[Result "0-1"]
[WhiteElo "2184"]
[BlackElo "2124"]
[EventDate "2004.11.19"]
[PlyCount "100"]

1.d4 Nf6 2.c4 e6 3.Nc3 Bb4 4.Qc2 O-O 5.a3 Bxc3+ 6.Qxc3 b6 7.Bg5 Bb7 8.e3 
d6 9.f3 Nbd7 10.Ne2 Rc8 11.Qd3 c5 12.Nc3 Ba6 13.Qd1 cxd4 14.Qxd4 Qc7 15.
Rd1 h6 16.Bxf6 Nxf6 17.Qxd6 Bxc4 18.Qxc7 Rxc7 19.Bxc4 Rxc4 20.Ke2 Rfc8 21.
g4 b5 22.Rd2 b4 23.axb4 Rxb4 24.Ra1 Rcb8 25.Nd1 R8b7 26.Rd8+ Kh7 27.Ra8 
Rc7 28.R1xa7 Rc2+ 29.Kd3 Rxh2 30.Rxf7 Rb6 31.Raa7 Rd6+ 32.Kc3 Ne8 33.Rfd7 
Rxd7 34.Rxd7 Nf6 35.Rd3 Nd5+ 36.Kd4 Nb4 37.Rb3 Rd2+ 38.Ke4 Na6 39.Rb6 Nc5+
40.Kf4 Rxd1 41.b4 e5+ 42.Kg3 Nd7 43.Rb7 Nf6 44.b5 e4 45.f4 Rd3 46.g5 Rxe3+
47.Kh4 Nd5 48.f5 hxg5+ 49.Kxg5 Rg3+ 50.Kh4 Rf3 0-1

[Event "43rd World U20 ch"]
[Site "Kochi IND"]
[Date "2004.11.21"]
[Round "3.32"]
[White "Nanjo, Ryosuke"]
[Black "Nitin, Senthilvel"]
[Result "0-1"]
[WhiteElo "2154"]
[BlackElo "2119"]
[EventDate "2004.11.19"]
[PlyCount "158"]

1.d4 Nf6 2.c4 g6 3.Nc3 Bg7 4.e4 d6 5.f3 O-O 6.Be3 Nbd7 7.Qd2 c5 8.d5 Ne5 
9.Bg5 a6 10.f4 Ned7 11.Nf3 h6 12.Bh4 Qc7 13.Bd3 e6 14.O-O exd5 15.exd5 b5 
16.Kh1 bxc4 17.Bxc4 Nb6 18.b3 Bf5 19.Rae1 Nxc4 20.bxc4 Rab8 21.h3 h5 22.
Rg1 Qb6 23.Nh2 Rfe8 24.Bxf6 Bxf6 25.g4 Rxe1 26.Qxe1 Bxc3 27.Qxc3 Be4+ 28.
Nf3 hxg4 29.hxg4 Qc7 30.g5 Qd7 31.Kh2 Bxf3 32.Qxf3 Qa4 33.Qe2 Re8 34.Qd3 
Qxa2+ 35.Rg2 Qa1 36.Re2 Rxe2+ 37.Qxe2 Qd4 38.Kg3 Kg7 39.Qe7 Qg1+ 40.Kh3 
Qf1+ 41.Kg3 Qd3+ 42.Kg4 Qd1+ 43.Kg3 Qb3+ 44.Kg4 Qb6 45.Qf6+ Kg8 46.f5 
gxf5+ 47.Qxf5 Qb7 48.Qf6 Qd7+ 49.Kg3 a5 50.Kh4 a4 51.g6 fxg6 52.Qxg6+ Kh8 
53.Qf6+ Kh7 54.Qf3 Qe7+ 55.Kg3 Qg7+ 56.Kh2 Qh6+ 57.Kg3 Qg5+ 58.Kh3 Kg6 59.
Qa3 Qh5+ 60.Kg3 Qd1 61.Kh4 Qd4+ 62.Kh3 Qxc4 63.Qg3+ Kf5 64.Qxd6 Qd3+ 65.
Kh2 Qd2+ 66.Kg3 Qe1+ 67.Kf3 Qe4+ 68.Kf2 Qc2+ 69.Ke3 Qc3+ 70.Kf2 a3 71.Qe6+
Kf4 72.Qh6+ Ke4 73.Qh1+ Kd3 74.Qf1+ Kc2 75.Qe2+ Qd2 76.Qxd2+ Kxd2 77.d6 a2
78.d7 a1=Q 79.d8=Q+ Qd4+ 0-1

[Event "43rd World U20 ch"]
[Site "Kochi IND"]
[Date "2004.11.21"]
[Round "3.33"]
[White "Phadke, Sohan"]
[Black "Arun, Karthik Ravichandra"]
[Result "1/2-1/2"]
[WhiteElo "2125"]
[BlackElo "2152"]
[EventDate "2004.11.19"]
[PlyCount "60"]

1.e4 e5 2.Nf3 Nc6 3.Bb5 a6 4.Ba4 Nf6 5.O-O Be7 6.Re1 b5 7.Bb3 O-O 8.d4 
Nxd4 9.Nxd4 exd4 10.e5 Ne8 11.Qxd4 Bb7 12.c3 c5 13.Qg4 d6 14.e6 f5 15.Qh3 
d5 16.Nd2 a5 17.Nf3 Ra6 18.Bc2 g6 19.Qh6 Nc7 20.Ng5 Bxg5 21.Bxg5 Qe8 22.e7
Rf7 23.Re2 Qc6 24.Rae1 Ra8 25.f3 Re8 26.h4 Rg7 27.Bf4 Bc8 28.Bxc7 Qxc7 29.
Qg5 Qd6 30.Re5 Rf7 1/2-1/2

[Event "43rd World U20 ch"]
[Site "Kochi IND"]
[Date "2004.11.21"]
[Round "3.34"]
[White "Raghuram, Balaji"]
[Black "Venkat, S. Sundaram"]
[Result "1-0"]
[WhiteElo "2043"]
[BlackElo "2152"]
[EventDate "2004.11.19"]
[PlyCount "83"]

1.d4 Nf6 2.c4 g6 3.Nc3 Bg7 4.e4 d6 5.f3 O-O 6.Be3 Nc6 7.Qd2 a6 8.Nge2 Rb8 
9.d5 Ne5 10.Nd4 c5 11.Nc2 Bd7 12.f4 Neg4 13.Bg1 Ne8 14.h3 Ngf6 15.Bd3 Nc7 
16.Bh2 b5 17.Ne3 e6 18.e5 Nfe8 19.O-O exd5 20.Nexd5 dxe5 21.fxe5 Be6 22.
Qe3 bxc4 23.Be4 Nxd5 24.Nxd5 Bxd5 25.Rad1 Nc7 26.Bxd5 Nxd5 27.Qe4 Qe7 28.
Rxd5 Rxb2 29.Qxc4 Bh6 30.Rd3 Rd8 31.Rxd8+ Qxd8 32.Qxf7+ Kh8 33.e6 Re2 34.
Bc7 Qa8 35.Rf2 Re1+ 36.Kh2 Bg7 37.e7 Qg8 38.Bd6 Bd4 39.Qxg8+ Kxg8 40.Rf8+ 
Kg7 41.e8=Q Bg1+ 42.Kg3 1-0

[Event "43rd World U20 ch"]
[Site "Kochi IND"]
[Date "2004.11.22"]
[Round "4.1"]
[White "Berkes, Ferenc"]
[Black "Petrosian, Tigran L."]
[Result "0-1"]
[WhiteElo "2630"]
[BlackElo "2539"]
[EventDate "2004.11.19"]
[PlyCount "80"]

1.d4 d5 2.Nf3 e6 3.c4 c5 4.cxd5 exd5 5.Nc3 Nc6 6.g3 Nf6 7.Bg2 Be7 8.O-O 
O-O 9.dxc5 Bxc5 10.Bg5 d4 11.Bxf6 Qxf6 12.Nd5 Qd8 13.Nd2 Re8 14.Re1 Bg4 
15.h3 Bxh3 16.Bxh3 Qxd5 17.Bg2 Qf5 18.Rc1 Rad8 19.Be4 Qg5 20.Nf3 Qe7 21.
Bxc6 bxc6 22.a3 Bb6 23.Rxc6 Qd7 24.Qc1 Qh3 25.Qg5 h6 26.Qh4 Qf5 27.Kg2 d3 
28.Qc4 Re4 29.Qa6 Rh4 30.gxh4 Qg4+ 31.Kh1 Bxf2 32.Qa5 Rd4 33.Qe5 Rf4 34.
Qb8+ Kh7 35.Rc8 Qh3+ 36.Nh2 Bg3 37.Rh8+ Kg6 38.Qd6+ Kh5 39.Qd5+ Kxh4 40.
Qg2 Bxe1 0-1

[Event "43rd World U20 ch"]
[Site "Kochi IND"]
[Date "2004.11.22"]
[Round "4.2"]
[White "Tikkanen, Hans"]
[Black "Harikrishna, Pentala"]
[Result "0-1"]
[WhiteElo "2338"]
[BlackElo "2612"]
[EventDate "2004.11.19"]
[PlyCount "80"]

1.d4 Nf6 2.c4 e6 3.g3 Bb4+ 4.Nd2 d5 5.Bg2 c5 6.cxd5 exd5 7.a3 Bxd2+ 8.Qxd2
c4 9.Nf3 O-O 10.O-O Nc6 11.Qc2 Bg4 12.Be3 Qc8 13.b3 Bf5 14.Qa2 b5 15.Rac1 
Be4 16.Rfd1 Na5 17.Nd2 Bxg2 18.Kxg2 Re8 19.h3 Qe6 20.bxc4 dxc4 21.Qb1 Qd5+
22.Kg1 Ne4 23.Nxe4 Rxe4 24.Qb4 Nc6 25.Qc5 Qxc5 26.dxc5 a5 27.Rd6 Rc8 28.
Rb1 b4 29.axb4 axb4 30.Rxc6 Rxc6 31.Rxb4 f5 32.Kf1 Ra6 33.Ke1 c3 34.Rb8+ 
Kf7 35.Kd1 Ra2 36.Rb7+ Ke6 37.Rb6+ Kd7 38.Rd6+ Ke8 39.Kc1 Rc4 40.Bd4 Rxe2 
0-1

[Event "43rd World U20 ch"]
[Site "Kochi IND"]
[Date "2004.11.22"]
[Round "4.3"]
[White "Alexeev, Evgeny"]
[Black "Quezada Perez, Yuniesky"]
[Result "1-0"]
[WhiteElo "2604"]
[BlackElo "2513"]
[EventDate "2004.11.19"]
[PlyCount "171"]

1.d4 Nf6 2.c4 b6 3.Nf3 e6 4.e3 Bb7 5.Bd3 d5 6.O-O Be7 7.Nc3 O-O 8.cxd5 
exd5 9.b3 Nbd7 10.Bb2 a6 11.Rc1 Bd6 12.Ne2 Re8 13.Ng3 g6 14.Qc2 Rc8 15.Qe2
Ra8 16.Rc2 Qe7 17.Rfc1 c5 18.a4 cxd4 19.Bxd4 Nc5 20.Rb1 Nfe4 21.Qd1 Bc8 
22.Ne1 Nxg3 23.hxg3 Be5 24.Bxe5 Qxe5 25.b4 Nxd3 26.Nxd3 Qe4 27.Nf4 Bf5 28.
Rbb2 Rad8 29.Rd2 Qe5 30.Rd4 g5 31.Nxd5 Rxd5 32.Rxd5 Qxb2 33.Rxf5 h6 34.b5 
axb5 35.axb5 Re6 36.Qf3 Qc1+ 37.Kh2 Qc7 38.Qd5 Qe7 39.Qd4 Rd6 40.Qc3 Kh7 
41.f3 Kg6 42.e4 Qe6 43.Qh8 f6 44.g4 Rd7 45.e5 fxe5 46.Rxe5 Qd6 47.Kh3 Rd8 
48.Re8 Rxe8 49.Qxe8+ Kg7 50.Qc6 Qd4 51.Qe6 Qg1 52.Qe5+ Kf7 53.Kg3 Kg6 54.
Qe4+ Kg7 55.Qe5+ Kg6 56.Qe7 Qf1 57.Qe4+ Kg7 58.Qd4+ Kg8 59.Qe5 Qg1 60.f4 
gxf4+ 61.Qxf4 Kg7 62.Qe5+ Kg6 63.Qf5+ Kg7 64.Qf2 Qa1 65.Qxb6 Qc3+ 66.Kf4 
Qd2+ 67.Ke5 Qe2+ 68.Kd6 Qxg2 69.Qd4+ Kg6 70.b6 h5 71.gxh5+ Kh7 72.Kc7 Qc2+
73.Kd6 Qh2+ 74.Qe5 Qd2+ 75.Kc7 Qc1+ 76.Kb8 Qa3 77.Qf5+ Kg7 78.Qg6+ Kh8 79.
Qf6+ Kh7 80.Qf5+ Kg7 81.Qe5+ Kh7 82.b7 Qf8+ 83.Kc7 Qf7+ 84.Kb6 Qb3+ 85.Qb5
Qe6+ 86.Kc7 1-0

[Event "43rd World U20 ch"]
[Site "Kochi IND"]
[Date "2004.11.22"]
[Round "4.6"]
[White "Quan, Zhe"]
[Black "l`Ami, Erwin"]
[Result "0-1"]
[WhiteElo "2345"]
[BlackElo "2516"]
[EventDate "2004.11.19"]
[PlyCount "146"]

1.d4 Nf6 2.c4 g6 3.Nc3 d5 4.Nf3 Bg7 5.Bf4 O-O 6.e3 c5 7.dxc5 Qa5 8.Rc1 
dxc4 9.Bxc4 Qxc5 10.Bb3 Nc6 11.O-O Qa5 12.h3 Bf5 13.Qe2 Rad8 14.e4 Bc8 15.
Rfd1 Rxd1+ 16.Rxd1 Nd7 17.Rd5 Qd8 18.Rd1 Qa5 19.Rd5 Qb6 20.Na4 Qd8 21.Nc5 
Qe8 22.Nxd7 Bxd7 23.Rd1 Na5 24.Qd2 Nxb3 25.Qxd7 Nc5 26.Qd5 Ne6 27.Be5 Qc8 
28.Bxg7 Kxg7 29.Qe5+ Kg8 30.Kh2 Rd8 31.Rd5 a6 32.a3 Rd7 33.Rxd7 Qxd7 34.
Qc3 Qd6+ 35.Qe5 Nc5 36.Qxd6 exd6 37.Nd2 Nd3 38.b4 Nxf2 39.Kg3 Nd3 40.Nc4 
Kf8 41.Nxd6 b5 42.Nb7 Ke7 43.Kf3 Ne1+ 44.Kf2 Nc2 45.Nc5 Nxa3 46.Nxa6 Kd6 
47.Ke3 Ke5 48.Nc7 h5 49.h4 Kd6 50.Na6 Nc2+ 51.Kd2 Nd4 52.Kd3 Nc6 53.Ke3 f6
54.g3 Ke5 55.Nc7 Nd4 56.Na6 g5 57.Nc7 g4 58.Na6 f5 59.exf5 Nxf5+ 60.Kf2 
Kd4 61.Nc5 Kc4 62.Na6 Kc3 63.Kg2 Nd6 64.Kf2 Ne4+ 65.Kg2 Kc4 66.Kh2 Nf6 67.
Kg2 Nd5 68.Kf2 Nxb4 69.Nc7 Nd5 70.Ne8 Kd3 71.Nd6 b4 72.Nb5 b3 73.Na3 Nc3 
0-1